000 00885nas a2200277 4500
001 BR0707251
003 BR-BrBNA
005 20231205111336.0
007 ta
008 230509b bl.|||p| |||| 00| 00por d
040 _aBR-BrBNA
_bpor
_cBiblioteca Nacional de Agricultura
041 _a(Pt)
072 _aL73
100 1 _aAlbas, A.
100 1 _aSantos, I.N.P. dos
100 1 _aSchimonsky, B.V.
100 1 _aTarumoto, M.H.
245 1 _aAvaliação sorológica de cães errantes (de rua)supostamente vacinados contra a raiva no município de São José do Rio Preto -SP-Brasil
650 _aCÃO
650 _aRAIVA
650 _aVACINA
650 _aSÃO PAULO
773 0 _tVeterinária e Zootecnia -Universidade Estadual Paulista (Brazil)
_xISSN 0102-5716
_g(1998), v. 10 p. 71-77
_wBR0707251
909 _a202311
_bLúcia
_c55
_dLúcia Elande
942 _2AGRIS
_n0
_cANA
999 _c192149
_d192149